000 00565nam a2200169Ia 4500
003 GCL
008 140319s9999 xx 000 0 ara d
040 _aGCL /
_cGCL
082 0 4 _aط
_b792.0226
_bع ت
100 1 _aعبدالمنعم مصطفى القبانى
245 1 0 _aعمربن الخطاب /
_cعبدالمنعم مصطفى القبانى
260 _a[S.N] :
_bدار الفكر العربى ،
_c1987
300 _a73 ص
490 _aتمثيليات للمسرح المدرسى
_v0
650 0 4 _aالمسرحيات العربية
942 _2ddc
_cBK
999 _c56688
_d56688